[Event "World Rapid 2019"]
[Site "Moscow RUS"]
[Date "2019.12.26"]
[Round "1.80"]
[White "Murzin, Volodar"]
[Black "Khanin, Semen"]
[Result "0-1"]
[WhiteTitle "IM"]
[BlackTitle "IM"]
[WhiteElo "2442"]
[BlackElo "2500"]
[WhiteFideId "44155573"]
[BlackFideId "4111990"]
[EventDate "2019.12.26"]
[EventType "rapid"]

1. e4 e5 2. Nf3 Nc6 3. Bc4 Bc5 4. O-O Nf6 5. d3 d6 6. a4 a6 7. Nbd2 O-O 8. c3
Ba7 9. h3 Kh8 10. Re1 Ng8 11. Nf1 f5 12. exf5 Bxf5 13. Ng3 d5 14. Bb3 Qd6 15.
Be3 Bxe3 16. Rxe3 Nge7 17. Qd2 Ng6 18. Rae1 d4 19. cxd4 exd4 20. R3e2 Nf4 21.
Nxf5 Nxe2+ 22. Rxe2 Rxf5 23. Ng5 Raf8 24. Be6 R5f6 25. Bc4 Qb4 26. Qxb4 Nxb4 27.
Re7 h6 28. Ne6 b5 29. axb5 axb5 30. Bxb5 Nd5 31. Nxf8 Nxe7 32. Nd7 Rf5 33. Bc4
g6 34. g4 Ra5 35. Nf8 g5 36. Ne6 c5 37. h4 Ng6 38. hxg5 Ne5 39. Bd5 hxg5 40. Be4
Rb5 41. Nxg5 Rxb2 42. Bf5 c4 43. dxc4 d3 44. Ne4 Rc2 45. Kf1 Rc1+ 46. Kg2 Nxc4
47. g5 d2 48. Nxd2 Nxd2 49. f4 Rc3 50. Bg4 Nc4 51. Bf3 Kg7 52. Kf2 Nd6 53. Kg3
Nf5+ 54. Kg4 Kg6 0-1

[Event "World Rapid 2019"]
[Site "Moscow RUS"]
[Date "2019.12.26"]
[Round "1.81"]
[White "Sasikiran, Krishnan"]
[Black "Makoveev, Ilya"]
[Result "1-0"]
[WhiteTitle "GM"]
[BlackTitle "FM"]
[WhiteElo "2656"]
[BlackElo "2277"]
[WhiteFideId "5004985"]
[BlackFideId "34155748"]
[EventDate "2019.12.26"]
[EventType "rapid"]

1. e4 c5 2. Nf3 d6 3. d4 cxd4 4. Nxd4 Nf6 5. Nc3 a6 6. Be2 e5 7. Nb3 Be7 8. O-O
O-O 9. Be3 Be6 10. Re1 Nbd7 11. a4 Rc8 12. Bf3 Nb6 13. Nd2 Nc4 14. Nxc4 Rxc4 15.
Be2 Rb4 16. b3 Qc7 17. Nd5 Bxd5 18. exd5 Ne4 19. c4 Nc5 20. Bd3 b5 21. cxb5 Nxd3
22. Qxd3 axb5 23. Rec1 Qb8 24. a5 f5 25. a6 f4 26. a7 Qb7 27. Bb6 Ra8 28. Qc3
Qxb6 29. Qxb4 Rxa7 30. Rxa7 Qxa7 31. Qxb5 Kf7 32. Qd3 g6 33. g3 Qa3 34. Rc4 Bg5
35. Kg2 Kf6 36. Qc3 h5 1-0

[Event "World Rapid 2019"]
[Site "Moscow RUS"]
[Date "2019.12.26"]
[Round "1.82"]
[White "Makarian, Rudik"]
[Black "Perunovic, Milos"]
[Result "1-0"]
[WhiteTitle "IM"]
[BlackTitle "GM"]
[WhiteElo "2397"]
[BlackElo "2589"]
[WhiteFideId "44105681"]
[BlackFideId "921629"]
[EventDate "2019.12.26"]
[EventType "rapid"]

1. Nf3 c5 2. c4 Nc6 3. Nc3 g6 4. g3 Bg7 5. Bg2 e5 6. O-O Nge7 7. a3 a5 8. Ne1 d6
9. Nc2 h5 10. Ne3 h4 11. d3 hxg3 12. hxg3 f5 13. Ned5 f4 14. e3 Nxd5 15. cxd5
fxg3 16. fxg3 Ne7 17. e4 Bd7 18. Bg5 Qb6 19. Qd2 c4+ 20. Be3 Qa6 21. dxc4 Qxc4
22. Rac1 Rc8 23. Ne2 Qb3 24. Rxc8+ Nxc8 25. Rc1 O-O 26. Rc7 Bg4 27. Nc3 Bh6 28.
Bxh6 Qb6+ 29. Qe3 Qxc7 30. Qg5 Rf7 31. Qxg4 Ne7 32. Be3 Qc4 33. Qe2 Qb3 34. Bh3
Kg7 35. Be6 Rf8 36. Qh2 Ng8 37. Bxg8 Kxg8 38. Qe2 Kg7 39. Kg2 Rf7 40. Qd2 Qc4
41. Qe2 Qb3 42. Ba7 b5 43. Be3 b4 44. axb4 axb4 45. Nb5 Rd7 46. Qg4 Rd8 47. Bh6+
Kh7 48. Bg5 Rf8 49. Qd7+ Kh8 50. Qh3+ Kg8 51. Qe6+ Kh7 52. Qe7+ Kg8 53. Bf6 Qc2+
54. Kh3 Qc8+ 55. Kg2 Qc2+ 56. Kh3 Qc8+ 57. Kh4 Rf7 58. Qxf7+ Kxf7 59. Nxd6+ 1-0

[Event "World Rapid 2019"]
[Site "Moscow RUS"]
[Date "2019.12.26"]
[Round "1.83"]
[White "Postny, Evgeny"]
[Black "Krsnik Cohar, Ivan Vihor"]
[Result "1-0"]
[WhiteTitle "GM"]
[BlackTitle "FM"]
[WhiteElo "2605"]
[BlackElo "2313"]
[WhiteFideId "2804344"]
[BlackFideId "14520044"]
[EventDate "2019.12.26"]
[EventType "rapid"]

1. d4 d5 2. c4 c6 3. Nf3 Nf6 4. Nc3 Bf5 5. cxd5 Nxd5 6. e3 e6 7. Be2 Nd7 8. O-O
Be7 9. Nd2 Bg6 10. e4 Nf4 11. Nc4 Nxe2+ 12. Qxe2 O-O 13. Bf4 Nb6 14. Rad1 Nxc4
15. Qxc4 Qa5 16. a3 Rfd8 17. Rd2 Rac8 18. Qb3 Bg5 19. Bxg5 Qxg5 20. f4 Qe7 21.
Qd1 b5 22. Qf3 f6 23. Qe3 b4 24. axb4 Qxb4 25. Ra1 a5 26. Ra4 Qb6 27. e5 f5 28.
Rc4 Qb3 29. Rc5 a4 30. Nd1 Rd5 31. Qxb3 axb3 32. Ne3 Rdd8 33. Nc4 Rc7 34. Na5 1-0

[Event "World Rapid 2019"]
[Site "Moscow RUS"]
[Date "2019.12.26"]
[Round "1.84"]
[White "Luukkonen, Tommi"]
[Black "Kovalev, Vladislav"]
[Result "0-1"]
[WhiteTitle "FM"]
[BlackTitle "GM"]
[WhiteElo "2290"]
[BlackElo "2662"]
[WhiteFideId "501808"]
[BlackFideId "13504398"]
[EventDate "2019.12.26"]
[EventType "rapid"]

1. e4 e5 2. Nf3 Nc6 3. Bc4 Nf6 4. d3 Bc5 5. c3 d6 6. Bg5 h6 7. Bh4 O-O 8. a4 a5
9. Na3 g5 10. Bg3 Kg7 11. Nc2 Nh5 12. d4 exd4 13. cxd4 Bb6 14. O-O f5 15. exf5
Bxf5 16. d5 Bxc2 17. Qxc2 Nb4 18. Qd2 Qf6 19. Rad1 Rae8 20. Nd4 Bxd4 21. Qxd4
Qxd4 22. Rxd4 Nf4 23. Rd2 Rf5 24. Bxf4 gxf4 25. Rc1 Re7 26. f3 h5 27. Kf2 h4 28.
g3 fxg3+ 29. hxg3 hxg3+ 30. Kxg3 Re3 31. Rf1 Kf6 32. Kg2 Ke5 33. b3 Rf4 34. Kg3
Rf5 35. Rh2 Nxd5 36. Rh7 Rc3 37. Re1+ Kf6 38. Bxd5 Rxd5 39. Ree7 Rg5+ 40. Kf4
Rf5+ 41. Kg4 Rg5+ 42. Kf4 Rg8 43. Rhf7+ Kg6 44. Rf5 Rxf3+ 45. Kxf3 Kxf5 46. Rxc7
Rb8 47. Ke3 Ke5 48. Rh7 b6 49. Rh5+ Ke6 50. Kd4 Rc8 51. Rb5 Rc6 52. Rh5 Rc5 53.
Rh7 Rg5 54. Rh6+ Kd7 55. Rh4 Kc6 56. Rf4 Rh5 57. Rg4 Rh3 58. Kc4 d5+ 59. Kd4
Rxb3 60. Rg6+ Kb7 61. Kxd5 Rb4 62. Rg7+ Ka6 0-1

[Event "World Rapid 2019"]
[Site "Moscow RUS"]
[Date "2019.12.26"]
[Round "1.85"]
[White "Sanal, Vahap"]
[Black "Blohberger, Felix"]
[Result "1-0"]
[WhiteTitle "GM"]
[BlackTitle "IM"]
[WhiteElo "2549"]
[BlackElo "2434"]
[WhiteFideId "6300545"]
[BlackFideId "1632051"]
[EventDate "2019.12.26"]
[EventType "rapid"]

1. e4 e5 2. Bc4 Nf6 3. d3 c6 4. Nf3 d5 5. Bb3 Bd6 6. Nc3 dxe4 7. Ng5 O-O 8.
Ncxe4 Nxe4 9. Nxe4 Be7 10. O-O a5 11. a3 Nd7 12. Qh5 Nf6 13. Qxe5 a4 14. Ba2 Ra5
15. Qg3 Nxe4 16. dxe4 Kh8 17. Bf4 Bh4 18. Qc3 Be6 19. Rad1 Qa8 20. Bxe6 fxe6 21.
Be5 Rf7 22. Rd2 Rb5 23. Rfd1 Qf8 24. g3 Be7 25. f4 h6 26. Kg2 Kh7 27. Qc4 Bf6
28. Bd6 Qe8 29. e5 Bd8 30. Qxa4 Rxb2 31. Qe4+ Kg8 32. Bb4 Bb6 33. Qc4 c5 34. Bc3
Qc6+ 35. Kf2 Qb5 36. Qxb5 Rxb5 37. a4 c4+ 38. Ke2 Rc5 39. Rd6 Ba5 40. Bd4 Rc6
41. Rxc6 bxc6 42. Rb1 Rd7 43. Be3 Rd5 44. Rb8+ Kh7 45. Re8 Bc3 46. Rxe6 Ra5 47.
Bd2 Bxd2 48. Kxd2 Rxa4 49. Rxc6 Ra1 50. Rxc4 Rh1 51. e6 Kg6 52. Re4 1-0

[Event "World Rapid 2019"]
[Site "Moscow RUS"]
[Date "2019.12.26"]
[Round "1.86"]
[White "Nihal, Sarin"]
[Black "Iturrizaga Bonelli, Eduardo"]
[Result "0-1"]
[WhiteTitle "GM"]
[BlackTitle "GM"]
[WhiteElo "2612"]
[BlackElo "2597"]
[WhiteFideId "25092340"]
[BlackFideId "3901211"]
[EventDate "2019.12.26"]
[EventType "rapid"]

1. e4 c5 2. Nc3 Nc6 3. Nf3 e6 4. d4 cxd4 5. Nxd4 Qc7 6. b3 a6 7. Bb2 Nf6 8. Nxc6
bxc6 9. Bd3 d5 10. Qe2 d4 11. Nb1 c5 12. Nd2 e5 13. h3 Be7 14. Nc4 O-O 15. Bc1
Be6 16. Bd2 a5 17. a4 Nd7 18. O-O Bxc4 19. Bxc4 Nb6 20. f4 Nxc4 21. Qxc4 exf4
22. Bxf4 Qb7 23. Rae1 Qa6 24. Bd2 h6 25. e5 Qxc4 26. bxc4 Ra6 27. Rf3 Rb8 28.
Ref1 Rb2 29. Rxf7 Re6 30. Bxa5 Rxc2 31. Bd8 Bxd8 32. Rf8+ Kh7 33. Rxd8 Rxe5 34.
Rdf8 Rxc4 35. a5 Ra4 36. Ra8 c4 37. Rc8 Rexa5 38. Rc1 c3 39. Kh2 Ra1 0-1

[Event "World Rapid 2019"]
[Site "Moscow RUS"]
[Date "2019.12.26"]
[Round "1.87"]
[White "Moiseenko, Vadim"]
[Black "Guimaraes, Diogo Duarte"]
[Result "1/2-1/2"]
[WhiteTitle "GM"]
[BlackTitle "FM"]
[WhiteElo "2526"]
[BlackElo "2322"]
[WhiteFideId "4123700"]
[BlackFideId "2112450"]
[EventDate "2019.12.26"]
[EventType "rapid"]

1. e4 e5 2. Nf3 Nf6 3. Nxe5 d6 4. Nf3 Nxe4 5. Nc3 Nxc3 6. dxc3 Nc6 7. Be3 Be7 8.
Qd2 Bf5 9. O-O-O O-O 10. h4 Re8 11. Bd3 Qd7 12. h5 Bxd3 13. Qxd3 Qg4 14. Nd4
Nxd4 15. Bxd4 Bf6 16. f3 Qf4+ 17. Kb1 Bxd4 18. cxd4 Re7 19. Qb3 c6 20. d5 c5 21.
h6 g6 22. Qc3 Qe5 23. Qc4 a6 24. Qh4 Rae8 25. a3 Qf5 26. Rhe1 f6 27. Rxe7 Rxe7
28. Re1 g5 29. Qf2 Rxe1+ 30. Qxe1 Kf7 31. Qa5 Qd7 32. b4 cxb4 33. axb4 Kg6 34.
Qa1 Qb5 35. Qd4 a5 36. Qe4+ Kxh6 37. c3 axb4 38. cxb4 Qf1+ 39. Kb2 Qxg2+ 40. Ka3
Qd2 41. Qe6 Qd3+ 42. Ka4 Qa6+ 43. Kb3 Qd3+ 44. Ka4 Qa6+ 45. Kb3 Qd3+ 1/2-1/2

[Event "World Rapid 2019"]
[Site "Moscow RUS"]
[Date "2019.12.26"]
[Round "1.88"]
[White "Mamatov, Melis"]
[Black "Quparadze, Giga"]
[Result "1-0"]
[BlackTitle "GM"]
[WhiteElo "2292"]
[BlackElo "2462"]
[WhiteFideId "13800027"]
[BlackFideId "13602250"]
[EventDate "2019.12.26"]
[EventType "rapid"]

1. Nf3 Nf6 2. c4 b6 3. g3 Bb7 4. Bg2 e6 5. O-O Be7 6. Nc3 O-O 7. Re1 d5 8. cxd5
Nxd5 9. d4 Nxc3 10. bxc3 Be4 11. Ne5 Bxg2 12. Kxg2 c5 13. e4 Bf6 14. Nf3 Nc6 15.
Be3 Na5 16. Qd3 Qd7 17. Rad1 Rfd8 18. h4 cxd4 19. cxd4 Rac8 20. Rc1 b5 21. Bg5
Nc4 22. Bxf6 gxf6 23. Qe2 Kg7 24. Rcd1 a6 25. h5 h6 26. Nh4 Qc7 27. d5 Kh7 28.
Qf3 Qe5 29. dxe6 Qxe6 30. Nf5 Rg8 31. Rd4 Rg5 32. Red1 Re8 33. Qf4 Reg8 34. Rd7
Ne5 35. R7d6 Qxa2 36. Rxf6 Ng4 37. Qxg4 1-0

[Event "World Rapid 2019"]
[Site "Moscow RUS"]
[Date "2019.12.26"]
[Round "1.89"]
[White "Riazantsev, Alexander"]
[Black "Zarubitski, Viachaslau"]
[Result "1-0"]
[WhiteTitle "GM"]
[BlackTitle "IM"]
[WhiteElo "2639"]
[BlackElo "2451"]
[WhiteFideId "4125029"]
[BlackFideId "13509373"]
[EventDate "2019.12.26"]
[EventType "rapid"]

1. Nf3 Nf6 2. c4 e6 3. b3 d5 4. Bb2 Be7 5. e3 O-O 6. Nc3 c5 7. cxd5 exd5 8. d4
Nc6 9. Be2 Bg4 10. dxc5 Bxc5 11. O-O a6 12. Rc1 Ba7 13. h3 Bh5 14. Nh4 Bg6 15.
Nxg6 hxg6 16. Bf3 d4 17. exd4 Bxd4 18. Bxc6 bxc6 19. Qf3 c5 20. Na4 Rc8 21. Rfd1
Qa5 22. Bc3 Qb5 23. Qd3 Rfd8 24. Bxd4 Qxd3 25. Rxd3 cxd4 26. Rxc8 Rxc8 27. Rxd4
Rc1+ 28. Kh2 Rc2 29. a3 Ra2 30. Nc5 Rxa3 31. Ra4 Rxa4 32. bxa4 a5 33. Kg3 Nd5
34. Kf3 Kf8 35. Ke4 Nb6 36. h4 Ke7 37. Ke5 f6+ 38. Kd4 Kd6 39. g4 g5 40. h5 Ke7
41. Ke4 Kf7 42. Kd3 Ke7 43. Kd4 Kd6 44. Nb7+ Ke7 45. Nc5 Kd6 46. Ne4+ Kc6 47.
Nxf6 Nxa4 48. Ne8 Kd7 49. Nxg7 Ke7 50. Nf5+ Kf6 51. Nd6 Nb2 52. Ne4+ Kg7 53. Kc3
Na4+ 54. Kb3 Nb6 55. Nxg5 Nd7 56. Ne4 Kh6 57. f4 Nb6 58. Nf6 Kg7 59. g5 Kf7 60.
f5 a4+ 61. Kb4 a3 62. Kb3 Nc4 63. Ne4 Ne3 64. g6+ 1-0

[Event "World Rapid 2019"]
[Site "Moscow RUS"]
[Date "2019.12.26"]
[Round "1.90"]
[White "Mikhailovsky, Vladimir"]
[Black "Pashikian, Arman"]
[Result "1/2-1/2"]
[WhiteTitle "CM"]
[BlackTitle "GM"]
[WhiteElo "2209"]
[BlackElo "2605"]
[WhiteFideId "34105414"]
[BlackFideId "13301578"]
[EventDate "2019.12.26"]
[EventType "rapid"]

1. d4 d5 2. c4 c6 3. Nf3 Nf6 4. g3 dxc4 5. Bg2 g6 6. a4 Bg7 7. O-O Ne4 8. Qc2
Nd6 9. Nbd2 O-O 10. Nxc4 Bf5 11. Qc3 Nxc4 12. Qxc4 Be4 13. Rd1 Na6 14. Bf4 Qb6
15. Ne5 Bxg2 16. Kxg2 Rad8 17. a5 Qb4 18. b3 c5 19. Ra4 Qxc4 20. Rxc4 g5 21.
Bxg5 f6 22. Bh4 fxe5 23. Bxe7 exd4 24. Bxf8 Rxf8 25. e3 Rd8 26. exd4 cxd4 27. b4
Rd5 28. Kf3 Rb5 29. Rb1 Kf7 30. Ke4 Bf8 31. Rxd4 Bxb4 32. f4 Ke6 33. g4 Rxa5 34.
Rdxb4 Nxb4 35. Rxb4 b5 36. f5+ Kf6 37. h4 h6 38. Rd4 Ra6 39. Kf4 Ra4 40. g5+
hxg5+ 41. hxg5+ Kf7 42. Ke5 Rxd4 43. Kxd4 b4 44. Kc4 a5 45. Kb3 1/2-1/2

[Event "World Rapid 2019"]
[Site "Moscow RUS"]
[Date "2019.12.26"]
[Round "1.91"]
[White "Ganguly, Surya Shekhar"]
[Black "Atabayev, Saparmyrat"]
[Result "1-0"]
[WhiteTitle "GM"]
[BlackTitle "IM"]
[WhiteElo "2633"]
[BlackElo "2425"]
[WhiteFideId "5002150"]
[BlackFideId "14000571"]
[EventDate "2019.12.26"]
[EventType "rapid"]

1. d4 d5 2. c4 c6 3. Nc3 Nf6 4. e3 a6 5. Nf3 b5 6. b3 Bg4 7. Be2 Nbd7 8. O-O e6
9. h3 Bh5 10. Bb2 Bd6 11. c5 Bc7 12. Ne5 Bxe2 13. Nxe2 Nxe5 14. dxe5 Nd7 15. Nd4
Nxc5 16. Qc2 Nd7 17. Nxc6 Qc8 18. e4 d4 19. Rac1 Bxe5 20. Qd2 Qb7 21. Qb4 Bf6
22. Bxd4 Rc8 23. Bxf6 Nxf6 24. Na5 Qd7 25. Rfd1 Rxc1 26. Rxc1 h5 27. Qc5 Rh6 28.
Qb6 Nxe4 29. Qb8+ 1-0

[Event "World Rapid 2019"]
[Site "Moscow RUS"]
[Date "2019.12.26"]
[Round "1.92"]
[White "Tsvetkov, Andrey"]
[Black "Dreev, Aleksey"]
[Result "1-0"]
[WhiteTitle "FM"]
[BlackTitle "GM"]
[WhiteElo "2350"]
[BlackElo "2677"]
[WhiteFideId "34139360"]
[BlackFideId "4100107"]
[EventDate "2019.12.26"]
[EventType "rapid"]

1. e4 e5 2. Nf3 Nc6 3. Bb5 a6 4. Bxc6 dxc6 5. O-O Bd6 6. d3 Ne7 7. Nbd2 c5 8.
Nc4 Nc6 9. h3 O-O 10. b3 f6 11. Nh4 Nd4 12. c3 Ne6 13. Nf5 Be7 14. Qg4 Kh8 15.
Nce3 g6 16. Nxe7 Qxe7 17. Nd5 Qd8 18. Bh6 Rf7 19. Rad1 c6 20. Ne3 Nd4 21. Qh4
Ne2+ 22. Kh2 Nxc3 23. Rd2 Be6 24. Rc1 g5 25. Bxg5 fxg5 26. Qh6 Rf6 27. Qxg5 Nb5
28. Rxc5 Rf7 29. Qxe5+ Qf6 30. f4 Rd8 31. f5 Qxe5+ 32. Rxe5 Bc8 33. g4 Kg7 34.
g5 Rfd7 35. Ng4 Nd6 36. Nf6 Rc7 37. h4 Kf7 38. Nxh7 Re8 39. Rxe8 Nxe8 40. h5 Kg7
41. g6 c5 42. Rf2 Rd7 43. f6+ Nxf6 44. Nxf6 Rxd3 45. Ne8+ Kg8 46. g7 1-0

[Event "World Rapid 2019"]
[Site "Moscow RUS"]
[Date "2019.12.26"]
[Round "1.95"]
[White "Smirin, Ilia"]
[Black "Al Ghamdi, Ahmed M"]
[Result "1/2-1/2"]
[WhiteTitle "GM"]
[BlackTitle "CM"]
[WhiteElo "2607"]
[BlackElo "2107"]
[WhiteFideId "2801990"]
[BlackFideId "21500150"]
[EventDate "2019.12.26"]
[EventType "rapid"]

1. e4 c6 2. d4 d5 3. e5 Bf5 4. Bd3 Bxd3 5. Qxd3 e6 6. Ne2 Nd7 7. Nd2 Ne7 8. Nf3
Qc7 9. O-O c5 10. c3 Nf5 11. Bd2 c4 12. Qc2 h5 13. Ng3 g6 14. Bg5 Be7 15. Nxf5
gxf5 16. Bxe7 Kxe7 17. Qa4 Kf8 18. Qa3+ Kg7 19. Ng5 Nf8 20. b3 Ng6 21. Rab1 b6
22. Rfc1 Rhc8 23. Qb2 Qe7 24. Qd2 Rc7 25. f4 Rac8 26. Qe3 Rh8 27. Nf3 Qa3 28.
Nd2 b5 29. bxc4 bxc4 30. Rc2 Rc6 31. Rcb2 Rb6 32. Rxb6 axb6 33. h3 Qxa2 34. Rxb6
Qc2 35. Rb1 1/2-1/2

[Event "World Rapid 2019"]
[Site "Moscow RUS"]
[Date "2019.12.26"]
[Round "1.96"]
[White "Suleymanli, Aydin"]
[Black "Belov, Vladimir"]
[Result "0-1"]
[WhiteTitle "IM"]
[BlackTitle "GM"]
[WhiteElo "2473"]
[BlackElo "2598"]
[WhiteFideId "13413937"]
[BlackFideId "4132394"]
[EventDate "2019.12.26"]
[EventType "rapid"]

1. e4 c5 2. Nf3 d6 3. d4 cxd4 4. Nxd4 Nf6 5. Nc3 a6 6. Be3 e5 7. Nb3 Be7 8. f3
Be6 9. Qd2 h5 10. Be2 Nbd7 11. Nd5 Bxd5 12. exd5 Rc8 13. c4 h4 14. Na5 Qc7 15.
b4 Nh5 16. O-O O-O 17. Rfd1 Nf4 18. Bf1 Nf6 19. Qf2 Qd7 20. g3 hxg3 21. hxg3
Nh3+ 22. Bxh3 Qxh3 23. c5 e4 24. Nxb7 exf3 25. cxd6 Ng4 26. Qxf3 Qh2+ 27. Kf1
Rc2 28. dxe7 Nxe3+ 29. Qxe3 Qg2+ 0-1

[Event "World Rapid 2019"]
[Site "Moscow RUS"]
[Date "2019.12.26"]
[Round "1.97"]
[White "Kobalia, Mikhail"]
[Black "Thing, Bibek"]
[Result "1-0"]
[WhiteTitle "GM"]
[BlackTitle "CM"]
[WhiteElo "2609"]
[BlackElo "2222"]
[WhiteFideId "4119150"]
[BlackFideId "12303135"]
[EventDate "2019.12.26"]
[EventType "rapid"]

1. e4 e5 2. Nf3 d6 3. d4 Nd7 4. Bc4 c6 5. a4 a5 6. Nc3 Be7 7. O-O Ngf6 8. Re1
O-O 9. h3 exd4 10. Qxd4 Nc5 11. Ba2 Be6 12. Bxe6 fxe6 13. e5 Nd5 14. exd6 Bxd6
15. Ne4 Nxe4 16. Rxe4 Qd7 17. Bg5 Rae8 18. c4 Nb4 19. Rd1 c5 20. Qxd6 1-0

[Event "World Rapid 2019"]
[Site "Moscow RUS"]
[Date "2019.12.26"]
[Round "1.98"]
[White "Al Nhier, Hamoud"]
[Black "Bosiocic, Marin"]
[Result "1-0"]
[WhiteTitle "FM"]
[BlackTitle "GM"]
[WhiteElo "1934"]
[BlackElo "2623"]
[WhiteFideId "21500045"]
[BlackFideId "14507927"]
[EventDate "2019.12.26"]
[EventType "rapid"]

1. Nf3 d5 2. e3 Nf6 3. c4 e6 4. b3 Be7 5. Bb2 O-O 6. g3 c5 7. Bg2 Nc6 8. O-O d4
9. exd4 cxd4 10. Re1 Re8 11. Ne5 Nxe5 12. Rxe5 Nd7 13. Re2 e5 14. d3 f6 15. Ba3
a5 16. Bxe7 Qxe7 17. Nd2 Nc5 18. Ne4 Bg4 19. Nxc5 Bxe2 20. Qxe2 Qxc5 21. Bxb7
Rab8 22. Bd5+ Kh8 23. h4 f5 24. Re1 Qd6 25. Kg2 Re7 26. Qd2 Qc5 27. Qg5 Rf8 28.
f3 Rf6 29. Re2 Qd6 30. h5 h6 31. Qd2 Qc7 32. a3 g5 33. b4 axb4 34. axb4 g4 35.
fxg4 Rg7 36. Qe1 Rxg4 37. Rxe5 Rf8 38. Re6 Qg7 39. Re7 Qg5 40. Qe5+ Qf6 41.
Qxf6+ Rxf6 42. Kf3 Rg5 43. b5 Rxh5 44. Kf4 Rh2 45. c5 Rb2 46. b6 Rg6 47. b7 1-0

[Event "World Rapid 2019"]
[Site "Moscow RUS"]
[Date "2019.12.26"]
[Round "1.99"]
[White "Indjic, Aleksandar"]
[Black "Al Mutairi, Hassan S"]
[Result "1/2-1/2"]
[WhiteTitle "GM"]
[BlackTitle "CM"]
[WhiteElo "2619"]
[BlackElo "1883"]
[WhiteFideId "911925"]
[BlackFideId "21500193"]
[EventDate "2019.12.26"]
[EventType "rapid"]

1. e4 c5 2. Nf3 d6 3. Bb5+ Bd7 4. Bxd7+ Qxd7 5. O-O Nf6 6. e5 dxe5 7. Nxe5 Qc7
8. d4 e6 9. Bf4 Bd6 10. Nc3 a6 11. Bg3 Nc6 12. Nxc6 Bxg3 13. hxg3 Qxc6 14. dxc5
Qxc5 15. Qf3 Qc7 16. Rad1 O-O 17. Rd3 Rad8 18. Rfd1 Rxd3 19. Qxd3 h6 20. Qd4 Rc8
21. a4 Qc6 22. Qb4 Qc7 23. Rd6 Qe7 24. Rb6 Qxb4 25. Rxb4 Rc7 26. Kf1 Kf8 27. Ke2
Ke7 28. Kd3 Kd7 29. Rd4+ Kc8 30. f3 Rd7 31. g4 Kc7 32. Rxd7+ Nxd7 33. Kd4 Kc6
34. b4 Nf6 35. Kc4 Ne8 36. b5+ Kb6 37. Kb4 axb5 38. axb5 Nf6 39. Na4+ Kc7 40. c4
Nd7 41. c5 Ne5 42. Kc3 Ng6 43. Kb4 Nf4 44. g3 Nd3+ 45. Kc3 Ne5 46. f4 Nxg4 47.
Nb6 Ne3 48. Na8+ Kb8 49. Nb6 Kc7 50. Na8+ Kd8 51. Kb4 Nd5+ 52. Kc4 Kc8 53. c6
bxc6 54. bxc6 Kb8 55. c7+ Kb7 56. Kc5 Nxc7 57. Nb6 Na6+ 58. Kb5 Nb8 59. Nc4 Kc7
60. Kc5 Kd7 61. Nb6+ Ke7 62. Nc8+ Kf6 63. Nd6 Nd7+ 64. Kc6 Nf8 65. Ne8+ Kg6 66.
Kd6 Nh7 67. Ke7 Nf6 68. Nd6 Nd5+ 69. Kf8 f6 70. Ne8 e5 71. Nxg7 e4 72. Ne6 e3
73. Nd4 Nc3 74. g4 e2 75. Nf3 Nd5 76. f5+ Kh7 77. Kf7 Ne3 78. Kxf6 Nxg4+ 79. Ke6
h5 80. f6 Nxf6 81. Kf5 h4 82. Kf4 h3 83. Kg3 Ne4+ 84. Kh2 Kg6 85. Ne1 Ng5 86.
Kg3 Kf5 87. Kf2 h2 88. Kg2 Ke4 89. Kxh2 Nf3+ 90. Kg3 Nxe1 91. Kf2 1/2-1/2

[Event "World Rapid 2019"]
[Site "Moscow RUS"]
[Date "2019.12.26"]
[Round "1.100"]
[White "Tengis, Tsog-Ochir"]
[Black "Kezin, Roman"]
[Result "0-1"]
[WhiteTitle "FM"]
[BlackTitle "IM"]
[WhiteElo "2190"]
[BlackElo "2470"]
[WhiteFideId "4902718"]
[BlackFideId "24124621"]
[EventDate "2019.12.26"]
[EventType "rapid"]

1. e3 Nf6 2. b3 g6 3. Bb2 Bg7 4. Nf3 O-O 5. d4 d6 6. Nbd2 Bf5 7. Bd3 Bxd3 8.
cxd3 a5 9. a3 Nbd7 10. Rc1 c6 11. O-O Qb6 12. e4 Qa6 13. e5 Nd5 14. e6 fxe6 15.
Ng5 Nf4 16. Nc4 h6 17. Nf3 d5 18. Nce5 Nxe5 19. Nxe5 Bxe5 20. dxe5 Qxd3 21. Re1
Qxd1 22. Rcxd1 c5 23. Bc1 g5 24. Be3 b6 25. Rd2 Ng6 26. Rde2 Rf5 27. Bd2 Kf8 28.
f3 Ke8 29. b4 axb4 30. axb4 Ra2 31. Bc1 Rxe2 32. Rxe2 Rxe5 0-1

[Event "World Rapid 2019"]
[Site "Moscow RUS"]
[Date "2019.12.26"]
[Round "1.101"]
[White "Romanov, Evgeny"]
[Black "Usov, Aleksandr E."]
[Result "1-0"]
[WhiteTitle "GM"]
[WhiteElo "2604"]
[BlackElo "2012"]
[WhiteFideId "4148843"]
[BlackFideId "24257109"]
[EventDate "2019.12.26"]
[EventType "rapid"]

1. c4 Nf6 2. g3 c6 3. Nf3 d5 4. Bg2 Bg4 5. Ne5 Bc8 6. d4 e6 7. O-O Be7 8. Nc3
Nbd7 9. Qc2 O-O 10. e4 dxe4 11. Nxe4 Nxe4 12. Qxe4 Nf6 13. Qe3 Qb6 14. b3 a5 15.
a4 Bd7 16. c5 Qc7 17. Nc4 Rfe8 18. Bd2 Nd5 19. Qe1 Bf6 20. Bxa5 Rxa5 21. Qxa5
Qxa5 22. Nxa5 Bxd4 23. Rac1 Bc8 24. b4 Nc3 25. Rc2 Nxa4 26. Nxc6 Bc3 27. Rd1 Kf8
28. Na7 Bxb4 29. Rd4 Bxc5 30. Rxa4 1-0

[Event "World Rapid 2019"]
[Site "Moscow RUS"]
[Date "2019.12.26"]
[Round "2.4"]
[White "Aronian, Levon"]
[Black "Amin, Bassem"]
[Result "1-0"]
[WhiteTitle "GM"]
[BlackTitle "GM"]
[WhiteElo "2775"]
[BlackElo "2683"]
[WhiteFideId "13300474"]
[BlackFideId "10601457"]
[EventDate "2019.12.26"]
[EventType "rapid"]

1. e4 e5 2. Nf3 Nc6 3. Bc4 Nf6 4. Ng5 d5 5. exd5 Na5 6. Bb5+ c6 7. dxc6 bxc6 8.
Bd3 Nd5 9. Nf3 Bd6 10. O-O O-O 11. Re1 Re8 12. Nc3 f5 13. Bf1 e4 14. Nd4 Bc5 15.
Nb3 Nxb3 16. axb3 Qb6 17. Re2 Bd4 18. Nxd5 cxd5 19. d3 Bb7 20. dxe4 dxe4 21. Be3
Bxe3 22. fxe3 Rad8 23. Qe1 f4 24. Qa5 Qxa5 25. Rxa5 f3 26. Rf2 Rd1 27. Rxa7 Bc6
28. h4 Re1 29. Rc7 Ba8 30. Rd2 Rf8 31. Rdd7 f2+ 32. Kh2 1-0